Vplyv novej právnej úpravy o zájazdoch na činnosť cestovných kancelárií a cestovných agentúr
Nová zájazdová úprava zájazdovej činnosti bola vyvolaná potrebou transpozície Smernice Európskeho parlamentu a Rady EÚ 2015/2302 do slovenskej praxe. Smernica reaguje na dynamický vývoj nových foriem distribúcie, viazaných najmä na internet. Jej hlavným cieľom je prispôsobiť rozsah ochrany cestujúci...
Saved in:
| Main Author: | |
|---|---|
| Other Authors: | |
| Format: | Book Chapter |
| Language: | Slovak English |
| Subjects: | |
| Tags: |
No Tags, Be the first to tag this record!
|
MARC
| LEADER | 00000naa a2200000 4500 | ||
|---|---|---|---|
| 001 | 0269363 | ||
| 005 | 20201021103721.7 | ||
| 041 | 0 | |a slo | |
| 041 | 0 | |a eng | |
| 044 | |a SK | ||
| 245 | 1 | 0 | |a Vplyv novej právnej úpravy o zájazdoch na činnosť cestovných kancelárií a cestovných agentúr |c Alexandra Ostrolucká, Ján Orieška |
| 520 | |a Nová zájazdová úprava zájazdovej činnosti bola vyvolaná potrebou transpozície Smernice Európskeho parlamentu a Rady EÚ 2015/2302 do slovenskej praxe. Smernica reaguje na dynamický vývoj nových foriem distribúcie, viazaných najmä na internet. Jej hlavným cieľom je prispôsobiť rozsah ochrany cestujúcich. | ||
| 610 | 2 | 0 | |a legislatíva |
| 610 | 2 | 0 | |a úpravy právne |
| 610 | 2 | 0 | |a kancelárie cestovné |
| 610 | 2 | 0 | |a agentúry |
| 610 | 2 | 0 | |a ruch cestovný |
| 610 | 2 | 0 | |a zákazníci |
| 610 | 2 | 0 | |a Slovensko |
| 100 | 1 | |a Ostrolucká, Alexandra | |
| 700 | 1 | |a Orieška, Ján | |